00173nam a22000857a 4500100002900000245002400029250000900053260001800062300000700080 aStevenSou, Robert Louis  aDr. Jeky & Mr. Hyde a2014 bHeritage Pub. a32